Score 0/26 Timer 03:00
3 Plays Today
Clue Answer % Correct
Sport played on ice or fieldHOCKEY
96.8%
Bruise from kissingHICKEY
95.7%
Minnie's consortMICKEY
95.3%
Big Mac or WhopperBURGER
84.3%
PawnedHOCKED
83.3%
AddictedHOOKED
81.6%
Having a jacket or cloak covering the headHOODED
80.1%
Joining of companiesMERGER
76.2%
Describing a James Bond title villain's gunGOLDEN
69.1%
Kicker Mitch punted for many NFL teamsBERGER
68.2%
Cord tied to a bridge-jumper's anklesBUNGEE
65.3%
Caulfield of 'Catcher in the Rye'HOLDEN
65.2%
Sculley's X-Files partnerMULDER
63.8%
Clue Answer % Correct
Layer of the Earth below the CrustMANTLE
61.2%
Pitcher Dwight or NBAer DrewGOODEN
61.1%
Treed, like a glenWOODED
60.2%
Acts in a stiff mannerWOODEN
56.9%
Make a mess of a taskBUNGLE
56.4%
Group of crowsMURDER
55.6%
Decay, like John Brown's bodyMOLDER
54.5%
Distinguishing yachting flagBURGEE
54.4%
Former US Attorney General Eric ______HOLDER
52.9%
Flashy piece of jewelryBANGLE
50.4%
MutilateMANGLE
48.6%
WBO Heavyweight champ Ray won Olympic goldMERCER
23.1%
Longtime Yankees centerfielderMURCER
20.2%

Today's Daily Dose

Remove Ads.
Support Sporcle.
Get the best of Sporcle when you Go Orange. This ad-free experience offers more features, more stats, and more fun while also helping to support Sporcle. Thank you for becoming a member.

You're not logged in!

Compare scores with friends on all Sporcle quizzes.
OR
Log In

Show Comments

Extras

Top Quizzes Today


Score Distribution

Your Account Isn't Verified!

In order to create a playlist on Sporcle, you need to verify the email address you used during registration. Go to your Sporcle Settings to finish the process.

Report this User

Report this user for behavior that violates our Community Guidelines.

Details: